000 00489nam a2200193Ia 4500
008 131103s9999 xx 000 0 und d
040 _aLoreto College
041 _aEnglish
082 _aREF
_bLCBED/7128
245 _aFishing
260 _aLondon
_bMacdonald educational
_c1969
300 _a61p.
_b ill.,pic.
_c 21cm.
440 _aMacdonald junioror refarence library
504 _aIncludes index
650 _aRefarence
651 _aGams
850 _aLCBED/REF
942 _cBK
999 _c33530
_d84009